000 00804nam a2200205 a 4500
003 AM-YeHGA
005 20250618075000.0
008 181019s1953 ru c||||r|||||000|1|rus||
040 _aAM-YeHGA
041 1 _arus
_hsah
100 1 _aУрастыров, Кюннюк
245 1 0 _aИзбранное :
_bСтихи и поэмы /
_cКюннюк Урастыров ; Авториз. пер. с якут. под ред Т. Стрешневой.
260 _aЯкутск :
_bКн. изд-во,
_c1953.
300 _a59 с. :
_bпортр. ;
_c22 см.
650 1 4 _aХудожественная литература
_94918
650 1 4 _aЯкутская литература
_xПоэзия
700 1 _aСтрешнева, Т.
_eпер., ред.
_4trl
_4edt
942 _2udc
_cBK
090 _c420540
999 _c418161
_d418161